| 000 | 00591nam a2200181 a 4500 | ||
|---|---|---|---|
| 001 | 000006872 | ||
| 005 | 20200929154019.0 | ||
| 008 | 090903s1988 dr 001 spa d | ||
| 040 |
_aDO-SdBNP _bspa _cBNPHU |
||
| 082 |
_aPR861.44 _bP376r |
||
| 100 | 1 |
_aPeguero, Ramon D. _q(Ramon Dario) _919074 |
|
| 245 | 1 | 0 |
_aRefranero lírico y otros poemas / _cRamon D. Peguero. |
| 260 |
_aSanto Domingo, : _bTaller, _c1988. |
||
| 300 |
_axvi, 123 p. ; _c21 cm. |
||
| 650 | 4 |
_aPoesía puertorriqueña _91015 |
|
| 650 | 4 |
_aLiteratura puerriqueña _919075 |
|
| 700 | 1 |
_aBertelloni, María Teresa _eprólogo _919076 |
|
| 999 |
_c6660 _d6660 |
||